Project management handbook
| Main Authors: | , |
|---|---|
| Format: | Book |
| Published: |
New York
Van Nostrand Reinhold
c1983
|
| Subjects: |
MARC
| LEADER | 00000cam a2200000 7i4500 | ||
|---|---|---|---|
| 001 | 0000008161 | ||
| 008 | 021119s1983 | ||
| 020 | |a 0442238789 | ||
| 090 | 0 | 0 | |a HD69.P75 |b P75 |
| 245 | 0 | 0 | |a Project management handbook |c editor, David I. Cleland, William R. King |
| 260 | 2 | |a New York |b Van Nostrand Reinhold |c c1983 | |
| 300 | |a 725 p. |c 24 cm | ||
| 650 | 0 | |a Industrial project management | |
| 700 | 1 | |a Cleland, David I. |e author | |
| 700 | 1 | |a King, William Richard |d 1938- |e author | |
| 999 | |a 1000009687 |b Book |c OPEN SHELF (30 DAYS) |e Gong Badak Campus | ||